000 00354nam a2200157Ia 4500
003 OSt
005 20240322115809.0
008 170524s9999 xx 000 0 und d
020 _aNIL
040 _cIIMTU MEERUT
100 _aWatson-Chorles E.
245 0 _aWhen dump things happen at work
260 _bJaico Pub.
260 _c2004
942 _2ddc
_c02
999 _c6581
_d6581